Multivariate Statistics/ (Record no. 191050)

MARC details
000 -LEADER
fixed length control field 00550nam a22001817a 4500
005 - DATE AND TIME OF LATEST TRANSACTION
control field 20220818101449.0
010 ## - LCCN (DPL NO)
LC control number ENG-134482
020 ## - INTERNATIONAL STANDARD BOOK NUMBER
International Standard Book Number 9788186772447
Terms of availability 1495.00
035 ## - SYSTEM CONTROL NUMBER
System control number EN-118014
037 ## - SOURCE OF ACQUISITION
Source of stock number/acquisition DBAD/PUB
082 ## - DEWEY DECIMAL CLASSIFICATION NUMBER
Classification number 519.535
100 ## - MAIN ENTRY--PERSONAL NAME
Personal name Singh, V S
245 ## - TITLE STATEMENT
Title Multivariate Statistics/
Statement of responsibility, etc V S Singh
260 ## - PUBLICATION, DISTRIBUTION, ETC. (IMPRINT)
Place of publication, distribution, etc New Delhi
Name of publisher, distributor, etc New Academic Publishers
Date of publication, distribution, etc 2011
270 ## - ADDRESS
Address 4760-61, 23 Ansari Road
City New Delhi
Postal code 110002
Electronic mail address napindia@vsnl.net
300 ## - PHYSICAL DESCRIPTION
Extent ix, 303p.
Other physical details Bibliography
Dimensions 23cm(hb)
942 ## - ADDED ENTRY ELEMENTS (KOHA)
Source of classification or shelving scheme Dewey Decimal Classification
Item type English Books
Classification part 519.535
Call number suffix MUL
Holdings
Withdrawn status Lost status Not for loan Collection code Home library Current library Date acquired Source of acquisition Cost, normal purchase price Full call number Barcode Copy number Cost, replacement price Koha item type
      Non-fiction Ashok Vihar Ashok Vihar 18/08/2022 DBAD/PUB 1495.00 519.535 MUL EN-118014 1 1495.00 English Books

© Delhi Public Library
Hit Counter
free hit counter